Normal view
MARC view
- MS-ME
Entry Topical Term
001 - CONTROL NUMBER
- control field: 118405
003 - CONTROL NUMBER IDENTIFIER
- control field: NUST
005 - DATE AND TIME OF LATEST TRANSACTION
- control field: 20231006172945.0
008 - FIXED-LENGTH DATA ELEMENTS
- fixed length control field: 231006|| aca||aabn | a|a d
040 ## - CATALOGING SOURCE
- Original cataloging agency: NUST
- Transcribing agency: NUST
150 ## - HEADING--TOPICAL TERM
- Topical term or geographic name entry element: MS-ME
670 ## - SOURCE DATA FOUND
- Source citation: Work cat.: (NUST): Muhammad Shoaib Ur Rehman 118403, TH-SOF-2197-Study of Damage Detection and Quantification in Cantilevered Beams using Modal Strain Energy & Genetic Algorithm, 2023.
